Sanat - "Minä toivon" - Johannes Brotherus - Statistics

Yleistilastot
  • Tätä visaa on pelattu 27 kertaa
  • Keskiarvotulos 91 / 147
Vastaustilastot
Vastaus % Oikein
Minä
94%
minä
94%
Olen
94%
sen
94%
ja
88%
toivon
88%
on
81%
pärinää
81%
rumpujen
81%
sinfoniaa
81%
elävän
75%
joessa
75%
käynyt
75%
Kekkosen
75%
kylpemässä
75%
lempimässä
75%
75%
miten
75%
näin
75%
nyt
75%
oranssissa
75%
teltassa
75%
tiedän
75%
vislataan
75%
kun
69%
voi
69%
elää
63%
henkeen
63%
heti
63%
kaikki
63%
kerran
63%
koskien
63%
Kuka
63%
kuolla
63%
lipun
63%
löytää
63%
nuolla
63%
pitäköön
63%
salkoon
63%
sormet
63%
Tarkoitus
63%
tulevaisuus
63%
vai
63%
vetää
63%
vetäköön
63%
aamu
56%
ei
56%
elämää
56%
historia
56%
huomisen
56%
ikinälkäistä
56%
katselen
56%
kiertoon
56%
kohinaa
56%
menee
56%
parvekkeelta
56%
pian
56%
pitkää
56%
riemun
56%
sinne
56%
tulevan
56%
uljas
56%
Uusi
56%
astelen
50%
koko
50%
kumpi
50%
maisema
50%
oi
50%
oon
50%
rakkautta
50%
sehän
50%
voittaa
50%
anteeksi
44%
eksymässä
44%
eläköön
44%
hyvää
44%
ihastunut
44%
ihmiseen
44%
jotain
44%
Kaupungissa
44%
nukahtanut
44%
pyytämässä
44%
repivää
44%
tehdä
44%
viereen
44%
muodon
38%
palavan
38%
satavan
38%
soihtujen
38%
taivaan
38%
täydeltä
38%
uudestisyntynyt
38%
vaan
38%
vapinaa
38%
vuoksi
38%
ensiaskelten
31%
kaaosta
25%
korkeina
25%
kapinaa
19%
selkäni
19%
värinää
19%
Ehtoja vastaavia visoja ei löytynyt
Tulosjakauma
Jokaisen tuloksen saaneiden osuus
Persentiili vastausten määrän mukaan
Tuloshistoriasi
Et ole pelannut tätä visaa